Prophet song (Record no. 4889)

MARC details
000 -CABECERA
campo de control de longitud fija 01830nam a2200313Ka 4500
001 - NÚMERO DE CONTROL
campo de control 991107406609506196
005 - FECHA Y HORA DE LA ÚLTIMA TRANSACCIÓN
campo de control 20250828080034.0
006 - CÓDIGOS DE INFORMACIÓN DE LONGITUD FIJA--CARACTERÍSTICAS DEL MATERIAL ADICIONAL
campo de control de longitud fija m d
007 - CAMPO FIJO DE DESCRIPCIÓN FÍSICA--INFORMACIÓN GENERAL
campo de control de longitud fija cr cn---------
008 - DATOS DE LONGITUD FIJA--INFORMACIÓN GENERAL
campo de control de longitud fija 231103s2023 nyu o 000 1 eng d
020 ## - NÚMERO INTERNACIONAL ESTÁNDAR DEL LIBRO
Número Internacional Estándar del Libro 9780861545896
035 ## - NÚMERO DE CONTROL DEL SISTEMA
Número de control de sistema (CKB)28557171200041
035 ## - NÚMERO DE CONTROL DEL SISTEMA
Número de control de sistema (ODN)ODN0010251263
035 ## - NÚMERO DE CONTROL DEL SISTEMA
Número de control de sistema (EXLCZ)9928557171200041
040 ## - FUENTE DE LA CATALOGACIÓN
Centro/agencia transcriptor tbs
041 ## - CÓDIGO DE LENGUA
Código de lengua del texto/banda sonora o título independiente English
050 00 - SIGNATURA TOPOGRÁFICA DE LA BIBLIOTECA DEL CONGRESO
Número de clasificación PR6112.Y534
Número de documento/Ítem P76 2023
100 ## - ENTRADA PRINCIPAL--NOMBRE DE PERSONA
Nombre de persona Lynch, Paul.
9 (RLIN) 25815
245 10 - MENCIÓN DE TÍTULO
Título Prophet song
Resto del título : A novel
Mención de responsabilidad, etc. / Paul Lynch.
260 ## - PUBLICACIÓN, DISTRIBUCIÓN, ETC.
Lugar de publicación, distribución, etc. LaVergne :
Nombre del editor, distribuidor, etc. Atlantic Monthly Press,
Fecha de publicación, distribución, etc. 2023.
500 ## - NOTA GENERAL
Nota general Title from eBook information screen..
520 ## - SUMARIO, ETC.
Sumario, etc. The explosive literary sensation: a mother faces a terrible choice as Ireland slides into totalitarianism.<br/><br/>On a dark, wet evening in Dublin, scientist and mother-of-four Eilish Stack answers her front door to find the GNSB on her step. Two officers from Ireland’s newly formed secret police are here to interrogate her husband, Larry, a trade unionist.<br/><br/>Ireland is falling apart. The country is in the grip of a government turning towards tyranny and when her husband disappears, Eilish finds herself caught within the nightmare logic of a society that is quickly unravelling. Soon, she must decide just how far she is willing to go to keep her family safe.<br/><br/>Exhilarating, terrifying and propulsive, Paul Lynch’s Booker Prize-winning novel is a devastating vision of a country falling apart and a moving portrait of the resilience of the human spirit when faced with the darkest of times.
538 ## - NOTA DE DETALLES DEL SISTEMA
Nota de detalles del sistema Requires the Libby app or a modern web browser.
650 #0 - PUNTO DE ACCESO ADICIONAL DE MATERIA--TÉRMINO DE MATERIA
Término de materia o nombre geográfico como elemento de entrada Mothers
Subdivisión de forma Fiction
Subdivisión geográfica Ireland
-- Dublin
650 #0 - PUNTO DE ACCESO ADICIONAL DE MATERIA--TÉRMINO DE MATERIA
Término de materia o nombre geográfico como elemento de entrada Totalitarianism
Subdivisión de forma Fiction
650 #0 - PUNTO DE ACCESO ADICIONAL DE MATERIA--TÉRMINO DE MATERIA
Término de materia o nombre geográfico como elemento de entrada Disappeared persons
Subdivisión de forma Fiction
655 #0 - TÉRMINO DE INDIZACIÓN--GÉNERO/FORMA
Datos o término principal de género/forma Dystopian fiction
9 (RLIN) 25624
942 ## - ELEMENTOS DE ENTRADA AGREGADA (KOHA)
Fuente del sistema de clasificación o colocación Clasificación de Library of Congress
Holdings
Estado de retiro Estado de pérdida Fuente del sistema de clasificación o colocación Estado dañado No para préstamo Biblioteca de origen Biblioteca actual Fecha de adquisición Total de préstamos Signatura topográfica completa Código de barras Fecha visto por última vez Número de copia Precio válido a partir de Tipo de ítem Koha
    Clasificación de Library of Congress     TBS Barcelona TBS Barcelona 28/08/2025   P-EN LYN B05650 28/08/2025 1 28/08/2025 Book

Powered by Koha